Fr. Conceicao Rodrigues College of Engineering

Elementary Steam Power Engg (Record no. 29465)

MARC details
000 -LEADER
fixed length control field 00318nam a2200145Ia 4500
082 ## - DEWEY DECIMAL CLASSIFICATION NUMBER
Classification number 621.1
Item number MAC
100 ## - MAIN ENTRY--PERSONAL NAME
Personal name MacNaughton/Edgar
245 ## - TITLE STATEMENT
Title Elementary Steam Power Engg
260 ## - PUBLICATION, DISTRIBUTION, ETC.
Name of publisher, distributor, etc. John Wiley & Sons
Place of publication, distribution, etc. London
Date of publication, distribution, etc. 1961
300 ## - PHYSICAL DESCRIPTION
Extent 640
546 ## - LANGUAGE NOTE
Language note ENGLISH
654 ## - SUBJECT ADDED ENTRY--FACETED TOPICAL TERMS
Focus term Steam Power
942 ## - ADDED ENTRY ELEMENTS (KOHA)
Koha item type BOOK
Holdings
Withdrawn status Lost status Damaged status Not for loan Collection Home library Current library Date acquired Total Checkouts Full call number Barcode Date last seen Price effective from Koha item type
        AFT Fr. Agnel's C.Rodrigues College of Engineering Fr. Agnel's C.Rodrigues College of Engineering 17/03/2023   621.1 MAC AFT1243 17/03/2023 17/03/2023 BOOK